| 000 | 00610nam a2200193 i 4500 | ||
|---|---|---|---|
| 001 | 93216 | ||
| 003 | ES-MaACL | ||
| 005 | 20230906181141.0 | ||
| 007 | t| | ||
| 008 | 050408s1972 sp ||||1| spa d | ||
| 100 | 1 |
_aLoosli-Usteri, Marguerite. _973271 |
|
| 245 | 1 | 0 |
_aManual práctico del test de Rorschach / _cMarguerite Loosli-Usteri; traducido por Concepción Sainz-Amor. |
| 250 | _a2ª ed. | ||
| 260 |
_aMadrid : _bRialp, _c1972. |
||
| 300 |
_a306 p., 3 lám. ; _c24 cm. |
||
| 650 |
_aRorschach, Test de. _9160564 |
||
| 700 | 1 |
_aSainz-Amor, Concepción. _9101575 |
|
| 852 |
_aES-MaACL _jC-43330 _bR.81168 |
||
| 999 |
_c93216 _d93216 |
||